| 000 | 00915nam a22002537a 4500 | ||
|---|---|---|---|
| 005 | 20170804115403.0 | ||
| 010 | _aBAC-CH25 | ||
| 020 |
_a9780141328034 _c350.00 |
||
| 035 | _aB-561885-900 | ||
| 035 | _aB-664611 | ||
| 035 | _aG-002814 | ||
| 037 |
_bUBH/Ven _adpl |
||
| 037 |
_bBSB/Ven _adpl |
||
| 082 | _aS | ||
| 100 | _aColfer, Eoin | ||
| 245 |
_aArtemis fowl : _cby Eoin Colfer _band the atlantis complex / |
||
| 260 |
_aNew Delhi _bPuffin Books _c2011 |
||
| 270 |
_a11 Community Centre, Panchsheel Park _bNew Delhi _e10017 (India) |
||
| 300 |
_a322p. _c20cm(pbk) |
||
| 942 |
_2ddc _cCH _mCOL _hS |
||
| 999 |
_c85551 _d85551 |
||